Countries with high-speed rail - Statistics

General Stats
  • This quiz has been taken 929 times
  • The average score is 25 of 28
Answer Stats
Hint Answer % Correct
Europe France
99%
Asia China
98%
Europe Germany
98%
Asia Japan
98%
Europe Spain
98%
Europe United Kingdom
98%
North America United States
96%
Europe Italy
95%
Europe Russia
95%
Europe Sweden
95%
Europe Belgium
94%
Europe Austria
93%
Europe Finland
93%
Europe Netherlands
93%
Europe Norway
93%
Europe Poland
93%
Europe Denmark
92%
Asia South Korea
92%
Europe Switzerland
92%
Europe Portugal
91%
Europe Greece
84%
Asia Turkey
84%
Asia Saudi Arabia
78%
Asia Indonesia
77%
Asia Taiwan
76%
Africa Morocco
75%
Europe Serbia
62%
Asia Uzbekistan
45%
No matching quizzes found
Score Distribution
Percent of People with Each Score
Percentile by Number Answered
Your Score History
You have not taken this quiz